[Event "SV Letmathe 1 - Krefelder SK Turm 1"]
[Site "NRW-Klasse - Gruppe 1 2018/20"]
[Date "2019.03.17"]
[Round "7.2"]
[White "Podzielny, Karl-Heinz"]
[Black "Van Gool, Rudi"]
[Result "1-0"]
[WhiteElo "2351"]
[BlackElo "2209"]
[PlyCount "69"]
[EventDate "2019.??.??"]
[WhiteTeam "SV Letmathe 1"]
[BlackTeam "Krefelder SK Turm 1"]

1. Nf3 d5 2. g3 Nf6 3. Bg2 e6 4. O-O Be7 5. d3 O-O 6. Nbd2 c5 7. e4 Nc6 8. Re1
Qc7 9. e5 Nd7 10. Qe2 b5 11. c3 a5 12. Nf1 Re8 13. Bf4 a4 14. Ne3 Nf8 15. h4
Ng6 16. Bg5 Bxg5 17. hxg5 Ngxe5 18. Nxe5 Nxe5 19. f4 Nc6 20. Nxd5 Qd6 21. a3
Bd7 22. Ne3 e5 23. f5 e4 24. Bxe4 Qxg3+ 25. Qg2 Qxg2+ 26. Kxg2 Rad8 27. Rad1
Ne5 28. Kg3 Bc6 29. d4 cxd4 30. cxd4 Nc4 31. Nxc4 Bxe4 32. Ne3 Kf8 33. f6 Rd6
34. Nf5 Rd5 35. Nxg7 1-0

[Event "SV Letmathe 1 - Krefelder SK Turm 1"]
[Site "NRW-Klasse - Gruppe 1 2018/20"]
[Date "2019.03.17"]
[Round "7.3"]
[White "Kern, Guido"]
[Black "Cukrowski, Filip"]
[Result "1/2-1/2"]
[WhiteElo "2286"]
[BlackElo "2409"]
[PlyCount "67"]
[EventDate "2019.??.??"]
[WhiteTeam "Krefelder SK Turm 1"]
[BlackTeam "SV Letmathe 1"]

1. Nf3 Nf6 2. g3 e6 3. c4 b6 4. Bg2 c6 5. O-O Be7 6. b3 d5 7. Bb2 O-O 8. d3 Bb7
9. e3 Nbd7 10. Nc3 Rc8 11. Rc1 c5 12. Qe2 Qc7 13. cxd5 exd5 14. d4 Qb8 15. Rfd1
Rfe8 16. Ne5 cxd4 17. exd4 Bb4 18. Qb5 Bxc3 19. Bxc3 Nxe5 20. dxe5 Ne4 21. Bd4
Rxc1 22. Rxc1 Rc8 23. Qf1 h6 24. Qd1 Rc7 25. h4 Qc8 26. Rxc7 Qxc7 27. Bb2 Qc5
28. Qd4 Qxd4 29. Bxd4 Kf8 30. Kf1 Ba6+ 31. Ke1 Ke7 32. b4 Bc4 33. a3 f6 34.
Bxe4 1/2-1/2

[Event "SV Letmathe 1 - Krefelder SK Turm 1"]
[Site "NRW-Klasse - Gruppe 1 2018/20"]
[Date "2019.03.17"]
[Round "7.4"]
[White "Adamski, Jan"]
[Black "Terhuven, Patrick"]
[Result "1/2-1/2"]
[WhiteElo "2207"]
[BlackElo "2161"]
[PlyCount "92"]
[EventDate "2019.??.??"]
[WhiteTeam "SV Letmathe 1"]
[BlackTeam "Krefelder SK Turm 1"]

1. Nf3 c5 2. c4 g6 3. d4 cxd4 4. Nxd4 Nc6 5. e4 Nf6 6. Nc3 d6 7. Be2 Nxd4 8.
Qxd4 Bg7 9. c5 O-O 10. cxd6 exd6 11. Bg5 Nxe4 12. Qxg7+ Kxg7 13. Bxd8 Nxc3 14.
Bc7 Nxe2 15. Kxe2 Re8+ 16. Kf3 d5 17. Rhe1 Bf5 18. Be5+ f6 19. Bd4 a6 20. g4
Be4+ 21. Kg3 Kf7 22. Rac1 Rec8 23. f3 Bd3 24. Red1 Bb5 25. Rc3 Rc4 26. Rxc4
dxc4 27. Bc3 Re8 28. Rd6 Re6 29. Rxe6 Kxe6 30. h4 Ba4 31. Kf4 Bc2 32. a3 f5 33.
g5 Kd5 34. Ke3 Bd1 35. Bf6 Kc5 36. f4 Kb5 37. Kd4 Be2 38. Ke3 Bf1 39. Kd4 Ka4
40. Kc3 Be2 41. Be7 Kb5 42. Kd4 Kc6 43. Bd8 b6 44. Ke3 Bf1 45. Kd4 Bd3 46. Be7
Be2 1/2-1/2

[Event "SV Letmathe 1 - Krefelder SK Turm 1"]
[Site "NRW-Klasse - Gruppe 1 2018/20"]
[Date "2019.03.17"]
[Round "7.5"]
[White "Winkel, Peter"]
[Black "Schleining, Zoya"]
[Result "1/2-1/2"]
[WhiteElo "2142"]
[BlackElo "2305"]
[PlyCount "61"]
[EventDate "2019.??.??"]
[WhiteTeam "Krefelder SK Turm 1"]
[BlackTeam "SV Letmathe 1"]

1. d4 Nf6 2. Nf3 d5 3. c4 e6 4. Nc3 Nbd7 5. Bf4 dxc4 6. e3 Nd5 7. Bxc4 Nxf4 8.
exf4 Bd6 9. g3 O-O 10. O-O Nf6 11. Qe2 Bd7 12. Ne5 Qe7 13. Bd3 g6 14. Ne4 Nxe4
15. Bxe4 c6 16. Rac1 Rfd8 17. Rfd1 Be8 18. Nd3 Rac8 19. Nc5 Bb8 20. Bf3 Rc7 21.
Qc4 Qf6 22. b4 Re7 23. Kg2 Qg7 24. h4 h6 25. Rd3 Bd6 26. a3 Rc7 27. Rcd1 Be7
28. Ne4 Rcd7 29. Nc5 Rc7 30. Ne4 Rcd7 31. Nc5 1/2-1/2

[Event "SV Letmathe 1 - Krefelder SK Turm 1"]
[Site "NRW-Klasse - Gruppe 1 2018/20"]
[Date "2019.03.17"]
[Round "7.6"]
[White "Soukup, Jiri"]
[Black "Dorner, Matthias"]
[Result "1-0"]
[WhiteElo "2344"]
[BlackElo "2133"]
[Annotator "Daniel"]
[PlyCount "113"]
[EventDate "2019.??.??"]
[WhiteTeam "SV Letmathe 1"]
[BlackTeam "Krefelder SK Turm 1"]

1. e4 c6 2. Nf3 d5 3. e5 Bf5 4. g3 e6 5. Bg2 Nd7 6. b3 Ne7 7. Bb2 Bg6 8. Nc3
Qc7 9. Ne2 h6 10. O-O c5 11. Re1 Bh7 12. d4 c4 13. Nc3 a6 14. a4 Rc8 15. Nd2
cxb3 16. cxb3 Qa5 17. Rc1 Nb6 18. Na2 Nc6 19. Bc3 Nb4 20. Bf1 Rxc3 21. Nxc3 Nc6
22. Ndb1 Qb4 23. Ne2 Be7 24. Nd2 O-O 25. Nf3 Be4 26. Bg2 Qa5 27. Nc3 Bh7 $11
28. Nb1 Bb4 29. Re3 Nc8 30. Bf1 N8e7 31. g4 Be4 32. Bd3 Bg6 33. Nh4 Bxd3 34.
Qxd3 g5 35. Ng2 Ng6 36. h4 gxh4 37. f4 Qb6 38. f5 Nge7 39. Kh1 Qxd4 40. Qxd4
Nxd4 41. Nxh4 exf5 42. Rd3 Ne2 43. Rc2 Nf4 44. Rd4 Be1 45. Nxf5 Nxf5 46. gxf5
Nh3 47. Kg2 Ng5 48. Rxd5 Rb8 49. Nd2 b5 50. axb5 axb5 51. Nf3 Nxf3 52. Kxf3 b4
53. Rc7 Bc3 54. Kf4 Re8 55. f6 Ra8 56. Rd1 Ra5 57. Rg1+ 1-0

[Event "SV Letmathe 1 - Krefelder SK Turm 1"]
[Site "NRW-Klasse - Gruppe 1 2018/20"]
[Date "2019.03.17"]
[Round "7.7"]
[White "Fehmer, Carsten"]
[Black "Dubinski, Mateusz"]
[Result "0-1"]
[WhiteElo "2060"]
[BlackElo "2289"]
[PlyCount "86"]
[EventDate "2019.??.??"]
[WhiteTeam "Krefelder SK Turm 1"]
[BlackTeam "SV Letmathe 1"]

1. Nf3 Nf6 2. g3 e6 3. Bg2 d5 4. d4 b5 5. a4 b4 6. c4 bxc3 7. Nxc3 Be7 8. O-O
O-O 9. Bf4 a5 10. Rc1 c6 11. Re1 Qb6 12. Ne5 Nfd7 13. e4 Nxe5 14. Bxe5 Nd7 15.
exd5 cxd5 16. Bc7 Qb4 17. Bxd5 Ra6 18. Bg2 Bd8 19. Nb5 Bxc7 20. Nxc7 Rb6 21.
Re2 Nf6 22. d5 exd5 23. Nxd5 Nxd5 24. Qxd5 Be6 25. Qc5 g6 26. Qxb4 Rxb4 27.
Rec2 Rxa4 28. Rc5 Rd8 29. Bf3 Ra2 30. R5c2 Rb8 31. Bc6 Rbxb2 32. Rxb2 Rxb2 33.
Ra1 Rc2 34. Bf3 Rc5 35. Kg2 h5 36. Rb1 Kg7 37. Rb7 Kf6 38. Ra7 Ke5 39. h3 Kd4
40. g4 h4 41. Bd1 Kc3 42. Kf3 Kd2 43. Ba4 Rc3+ 0-1

[Event "SV Letmathe 1 - Krefelder SK Turm 1"]
[Site "NRW-Klasse - Gruppe 1 2018/20"]
[Date "2019.03.17"]
[Round "7.8"]
[White "Gruermann, Martin"]
[Black "Gutkin, Ilya"]
[Result "1/2-1/2"]
[WhiteElo "2208"]
[BlackElo "2028"]
[Annotator "Daniel"]
[PlyCount "96"]
[EventDate "2019.??.??"]
[WhiteTeam "SV Letmathe 1"]
[BlackTeam "Krefelder SK Turm 1"]

1. e4 e6 2. d4 d5 3. Nc3 Nf6 4. Bg5 dxe4 5. Nxe4 Be7 6. Bxf6 gxf6 7. Nf3 f5 8.
Nc3 a6 9. g3 b5 10. Bg2 Bb7 11. O-O c5 12. Re1 cxd4 13. Qxd4 Qxd4 14. Nxd4 Bxg2
15. Kxg2 Ra7 16. Rad1 O-O 17. Rd3 Rc8 18. Nce2 Rd7 19. c3 Bf6 20. Re3 Nc6 21.
Nxc6 Rxc6 22. Nf4 Rcd6 23. Kf3 Kf8 24. R3e2 Rd1 25. Rxd1 Rxd1 26. Rc2 Ke7 27.
Ke2 Rd6 28. Nd3 Kd7 $11 29. Nc5+ Ke7 30. Rd2 Rc6 31. Nb3 Be5 32. Kd3 Bc7 33.
Nd4 Rd6 34. Ke2 Bb6 35. Nf3 f6 36. Rxd6 Kxd6 37. Nd2 Kd5 38. b3 Ba7 39. Nf1 Ke4
40. f3+ Kd5 41. Kd3 Bg1 42. h3 h5 43. Nd2 Bf2 44. c4+ bxc4+ 45. bxc4+ Kc6 46.
g4 fxg4 47. fxg4 hxg4 48. hxg4 Bh4 1/2-1/2

[Event "SG Niederkassel 1 - Oberhausener SV 1"]
[Site "NRW-Klasse - Gruppe 1 2018/20"]
[Date "2019.03.17"]
[Round "7.1"]
[White "Hort, Vlastimil"]
[Black "Wigger, Jochen"]
[Result "0-1"]
[WhiteElo "2366"]
[BlackElo "2234"]
[Annotator "Daniel"]
[PlyCount "34"]
[EventDate "2019.??.??"]
[WhiteTeam "Oberhausener SV 1"]
[BlackTeam "SG Niederkassel 1"]

1. e4 c6 2. Nc3 d5 3. Nf3 Bg4 4. h3 Bxf3 5. Qxf3 e6 6. g3 Nf6 7. Bg2 Qb6 8. O-O
Nbd7 9. d3 Be7 10. Qe2 dxe4 11. dxe4 e5 12. h4 O-O 13. Bh3 Rad8 14. Kg2 Rfe8
15. Rb1 Qa5 16. Bd2 Qc7 17. Rbd1 Nf8 {Handy!} 0-1

[Event "SG Niederkassel 1 - Oberhausener SV 1"]
[Site "NRW-Klasse - Gruppe 1 2018/20"]
[Date "2019.03.17"]
[Round "7.2"]
[White "Rybarczyk, Klaus"]
[Black "Becker, Marcel"]
[Result "1/2-1/2"]
[WhiteElo "2158"]
[BlackElo "2268"]
[Annotator "Daniel"]
[PlyCount "78"]
[EventDate "2019.??.??"]
[WhiteTeam "SG Niederkassel 1"]
[BlackTeam "Oberhausener SV 1"]

1. Nf3 d5 2. g3 Nf6 3. c4 c6 4. Bg2 Bf5 5. O-O e6 6. d3 dxc4 7. dxc4 Qxd1 8.
Rxd1 Bc2 9. Rd2 Bg6 10. Rd1 Bc2 11. Rd2 Bg6 12. Rd1 Nbd7 13. Nc3 Bc5 14. Bf4 e5
15. Bc1 O-O-O 16. Bh3 Rhe8 17. Bg5 Kc7 18. a3 $11 h6 19. Bc1 Ne4 20. Nxe4 Bxe4
21. b4 Bxf3 22. exf3 Bd4 23. Rb1 Nb6 24. c5 Na4 25. Re1 Bc3 26. Rf1 Bd2 27.
Bxd2 Rxd2 28. Rbd1 Rd4 29. Rc1 Re7 30. Rfe1 a5 31. Re4 Rxe4 32. fxe4 axb4 33.
axb4 Re8 34. Bf1 Rd8 35. b5 cxb5 36. Bxb5 Rd4 37. c6 bxc6 38. Bxc6 Kd6 39. Bxa4
Rxa4 1/2-1/2

[Event "SG Niederkassel 1 - Oberhausener SV 1"]
[Site "NRW-Klasse - Gruppe 1 2018/20"]
[Date "2019.03.17"]
[Round "7.3"]
[White "Kummerow, Heiko"]
[Black "Stanetzek, Carsten"]
[Result "1/2-1/2"]
[WhiteElo "2126"]
[BlackElo "2164"]
[PlyCount "42"]
[EventDate "2019.??.??"]
[WhiteTeam "Oberhausener SV 1"]
[BlackTeam "SG Niederkassel 1"]

1. e4 e5 2. Nf3 Nc6 3. d4 exd4 4. Nxd4 Bc5 5. Nb3 Bb6 6. Nc3 Nf6 7. Qe2 O-O 8.
Bg5 h6 9. Bh4 Re8 10. O-O-O d6 11. f3 Be6 12. Kb1 a5 13. Na4 Ba7 14. Qb5 Qe7
15. Bxf6 Qxf6 16. Qxb7 Nb4 17. Qxc7 Rec8 18. Qb7 Rcb8 19. Qc7 Rc8 20. Qb7 Rcb8
21. Qc7 Rc8 1/2-1/2

[Event "SG Niederkassel 1 - Oberhausener SV 1"]
[Site "NRW-Klasse - Gruppe 1 2018/20"]
[Date "2019.03.17"]
[Round "7.4"]
[White "Bussard, Christian"]
[Black "Nissen, Claus"]
[Result "1-0"]
[WhiteElo "2241"]
[BlackElo "2132"]
[PlyCount "49"]
[EventDate "2019.??.??"]
[WhiteTeam "SG Niederkassel 1"]
[BlackTeam "Oberhausener SV 1"]

1. d4 e6 2. Nf3 Nf6 3. Bf4 d5 4. e3 c5 5. c3 Nc6 6. Nbd2 Be7 7. h3 cxd4 8. exd4
Bd6 9. Ne5 Bxe5 10. dxe5 Nd7 11. Qg4 Kf8 12. Nf3 f6 13. exf6 Nxf6 14. Qh4 Qe7
15. Ne5 Ne4 16. Ng6+ hxg6 17. Qxh8+ Kf7 18. Bd3 e5 19. Bg3 Nxg3 20. fxg3 e4 21.
O-O+ Bf5 22. Qxa8 exd3 23. g4 d2 24. gxf5 gxf5 25. Qh8 1-0

[Event "SG Niederkassel 1 - Oberhausener SV 1"]
[Site "NRW-Klasse - Gruppe 1 2018/20"]
[Date "2019.03.17"]
[Round "7.5"]
[White "Ciornei, Dragos"]
[Black "Dierkes, Tobias"]
[Result "1/2-1/2"]
[WhiteElo "2096"]
[BlackElo "2116"]
[Annotator "Daniel"]
[PlyCount "190"]
[EventDate "2019.??.??"]
[WhiteTeam "Oberhausener SV 1"]
[BlackTeam "SG Niederkassel 1"]

1. e4 c5 2. Nf3 e6 3. d4 cxd4 4. Nxd4 Nf6 5. Nc3 d6 6. Be3 a6 7. f3 b5 8. Qd2
Nbd7 9. O-O-O Bb7 10. g4 Nb6 11. Bd3 Rc8 12. Kb1 Nc4 13. Bxc4 Rxc4 14. h4 Be7
15. h5 h6 16. g5 hxg5 17. Bxg5 b4 18. Bxf6 Bxf6 19. Nce2 Qc7 20. h6 Rxh6 21.
Rxh6 gxh6 22. Qxh6 Ke7 23. Qd2 Qb6 24. Qe3 Qa5 25. f4 Bxd4 26. Nxd4 Qc5 27. e5
Bd5 28. exd6+ Kxd6 29. Qe5+ Ke7 30. b3 Rc3 31. Qg5+ Kd7 32. Qf6 Qe7 33. Qe5 Qd6
34. Qf6 Qe7 35. Qh8 Rc8 36. Qe5 Qd6 37. Qf6 Qe7 38. Qg7 Kc7 39. Re1 Kb6 40. f5
Qh4 41. Qe5 f6 42. Qe3 Rc3 $11 43. Qd2 e5 44. Ne6 Rc6 45. Rd1 Qe4 46. Qf2+ Kb5
47. Re1 Qg2 48. Qxg2 Bxg2 49. Re2 Bf3 50. Rf2 Be4 51. Kc1 Bd5 52. Ng7 Bf7 53.
Rd2 Kc5 54. Rd7 Bd5 55. Kd2 Be4 56. c3 bxc3+ 57. Kxc3 Kb5+ 58. Kd2 Bb1 59. Rb7+
Kc5 60. Ke3 Rd6 61. Ne8 Rd3+ 62. Ke2 Rh3 63. Nxf6 Bxf5 64. a4 Kd4 65. Rb4+ Kc3
66. Rb6 Bd3+ 67. Kf2 a5 68. b4 axb4 69. Nd5+ Kd2 70. Nxb4 e4 71. Rd6 Rf3+ 72.
Kg2 Rf5 73. Nd5 Ke2 74. Kg3 Bc2 75. a5 e3 76. a6 Bb3 77. a7 Rxd5 78. a8=Q Rxd6
79. Qa3 Rd3 80. Qc1 Bd1 81. Qc4 Kd2 82. Qa2+ Bc2 83. Qa5+ Rc3 84. Qd5+ Bd3 85.
Qa2+ Rc2 86. Qa5+ Rc3 87. Qa2+ Bc2 88. Qd5+ Kc1 89. Qd4 Ra3 90. Qb4 Rd3 91.
Qe1+ Bd1 92. Kf4 e2 93. Ke4 Kc2 94. Kf4 Rd7 95. Ke3 Re7+ 1/2-1/2

[Event "SG Niederkassel 1 - Oberhausener SV 1"]
[Site "NRW-Klasse - Gruppe 1 2018/20"]
[Date "2019.03.17"]
[Round "7.6"]
[White "Broehl, Stephan"]
[Black "Limberg, Matthias"]
[Result "1/2-1/2"]
[WhiteElo "2087"]
[BlackElo "2050"]
[PlyCount "79"]
[EventDate "2019.??.??"]
[WhiteTeam "SG Niederkassel 1"]
[BlackTeam "Oberhausener SV 1"]

1. e4 d5 2. exd5 Qxd5 3. Nc3 Qa5 4. Bc4 c6 5. d3 Bf5 6. Bd2 e6 7. Qe2 Qc7 8. h3
Nd7 9. g4 Bg6 10. O-O-O O-O-O 11. f4 h5 12. Qf3 Ndf6 13. Nge2 Ne7 14. Ne4 Nfd5
15. Ng5 Qd7 16. Qf2 Kb8 17. Ng3 hxg4 18. hxg4 Rxh1 19. Rxh1 f6 20. N5e4 Nc8 21.
Nc5 Bxc5 22. Qxc5 e5 23. f5 Bf7 24. Qf2 Nd6 25. Bb3 Re8 26. Ne4 Nxe4 27. dxe4
Nb6 28. Be3 Bxb3 29. axb3 Nc8 30. Rd1 Qc7 31. Qh4 Rd8 32. Rxd8 Qxd8 33. Qh7 Qe7
34. c3 b6 35. g5 Kc7 36. g6 Nd6 37. Bh6 Ne8 38. Be3 Nd6 39. Bh6 Ne8 40. Be3
1/2-1/2

[Event "SG Niederkassel 1 - Oberhausener SV 1"]
[Site "NRW-Klasse - Gruppe 1 2018/20"]
[Date "2019.03.17"]
[Round "7.7"]
[White "Montignies, Rainer"]
[Black "Freundlieb, Thomas"]
[Result "1-0"]
[WhiteElo "2231"]
[BlackElo "2043"]
[PlyCount "81"]
[EventDate "2019.??.??"]
[WhiteTeam "Oberhausener SV 1"]
[BlackTeam "SG Niederkassel 1"]

1. Nf3 d6 2. d4 Nf6 3. g3 Nbd7 4. Bg2 e5 5. c4 c6 6. Nc3 Be7 7. O-O O-O 8. Qc2
Qc7 9. b3 Re8 10. Bb2 exd4 11. Nxd4 g6 12. Rfd1 a5 13. Na4 Nb6 14. Nc3 Nbd7 15.
Rab1 Nc5 16. a3 Ne6 17. Qd2 Nc5 18. Ba1 Bd7 19. h3 Bf8 20. b4 axb4 21. axb4
Nce4 22. Nxe4 Nxe4 23. Qb2 Rxa1 24. Qxa1 Bg7 25. Qa3 Qc8 26. Qd3 f5 27. e3 Qd8
28. Ne2 Qg5 29. b5 h5 30. h4 Qf6 31. bxc6 Bxc6 32. Nd4 g5 33. hxg5 Qxg5 34.
Nxc6 bxc6 35. Bxe4 fxe4 36. Qxd6 Be5 37. Qxc6 Re7 38. Rd8+ Kg7 39. Qd5 Rf7 40.
Rb7 Rxb7 41. Rg8+ 1-0

[Event "SG Niederkassel 1 - Oberhausener SV 1"]
[Site "NRW-Klasse - Gruppe 1 2018/20"]
[Date "2019.03.17"]
[Round "7.8"]
[White "Kaeser, Udo"]
[Black "Alkhazashvili, Ololi"]
[Result "1/2-1/2"]
[WhiteElo "2264"]
[BlackElo "2148"]
[PlyCount "57"]
[EventDate "2019.??.??"]
[WhiteTeam "SG Niederkassel 1"]
[BlackTeam "Oberhausener SV 1"]

1. e4 c5 2. c3 e6 3. d4 d5 4. exd5 Qxd5 5. Nf3 Nf6 6. Na3 cxd4 7. Nb5 Na6 8.
Qxd4 Bc5 9. Qxd5 Nxd5 10. a3 O-O 11. c4 Ndc7 12. Bf4 Nxb5 13. cxb5 Nb8 14. Rc1
Nd7 15. Bc4 e5 16. Nxe5 Bd4 17. Nxd7 Bxd7 18. O-O Bxb2 19. Rcd1 Bg4 20. f3 Bf5
21. Bd5 Rad8 22. Bxb7 Bxa3 23. Bc7 Bc5+ 24. Kh1 Bd3 25. Rfe1 Rd7 26. Bc6 Rxc7
27. Rxd3 g6 28. Red1 Re7 29. g4 1/2-1/2

[Event "SG Porz 2 - LSV Turm Lippstadt 1"]
[Site "NRW-Klasse - Gruppe 1 2018/20"]
[Date "2019.03.17"]
[Round "7.1"]
[White "Wehmeier, Stefan"]
[Black "Suvorov, Alexander"]
[Result "0-1"]
[WhiteElo "2301"]
[BlackElo "2260"]
[PlyCount "98"]
[EventDate "2019.??.??"]
[WhiteTeam "LSV Turm Lippstadt 1"]
[BlackTeam "SG Porz 2"]

1. e4 c5 2. Nf3 e6 3. Nc3 Nc6 4. d4 cxd4 5. Nxd4 Qc7 6. Ndb5 Qb8 7. a4 a6 8.
Na3 Nf6 9. g3 Bc5 10. Bg2 h6 11. Nc4 d6 12. a5 Ne5 13. Nb6 Bxb6 14. axb6 O-O
15. O-O Bd7 16. b3 Bc6 17. Ba3 Rd8 18. Qd4 Ng6 19. f4 e5 20. Qd2 Qc8 21. f5 Ne7
22. Rad1 Rd7 23. Qf2 Qd8 24. h3 Nc8 25. Rd3 Nxb6 26. Bxd6 Rxd6 27. Rxd6 Qxd6
28. Qxb6 Qd2 29. Qc5 Qxc2 30. Qxe5 Re8 31. Qc5 Qxb3 32. Qd4 Nd7 33. Kh2 Ne5 34.
f6 g6 35. Qd2 Kh7 36. Rf2 a5 37. Nd5 a4 38. Nc7 Rc8 39. Qd6 Qc3 40. Ne6 Re8 41.
Nc7 Rc8 42. Ne6 Re8 43. Nc7 Rg8 44. Nd5 Bxd5 45. exd5 Qe3 46. Rf4 a3 47. Qe7 a2
48. Ra4 Qe2 49. g4 Rc8 0-1

[Event "SG Porz 2 - LSV Turm Lippstadt 1"]
[Site "NRW-Klasse - Gruppe 1 2018/20"]
[Date "2019.03.17"]
[Round "7.3"]
[White "Hecht, Carsten"]
[Black "Liard, Thibaud"]
[Result "1/2-1/2"]
[WhiteElo "2272"]
[BlackElo "2107"]
[PlyCount "100"]
[EventDate "2019.??.??"]
[WhiteTeam "LSV Turm Lippstadt 1"]
[BlackTeam "SG Porz 2"]

1. e4 c5 2. Nf3 d6 3. d4 cxd4 4. Nxd4 Nf6 5. Nc3 g6 6. Be3 Bg7 7. f3 Nc6 8. Qd2
O-O 9. Bc4 Bd7 10. O-O-O Rc8 11. Bb3 Ne5 12. Kb1 a5 13. a4 Nc4 14. Bxc4 Rxc4
15. b3 Rc8 16. g4 h5 17. gxh5 Nxh5 18. Rhg1 Kh7 19. Nce2 e5 20. Nb5 Bxb5 21.
axb5 Qc7 22. c4 a4 23. b6 Qd7 24. Qxd6 Qh3 25. Ng3 axb3 26. c5 Nf4 27. Qd7 Qe6
28. Qxe6 Nxe6 29. Rd5 Nd4 30. Bxd4 exd4 31. Kb2 Ra8 32. Kxb3 Ra6 33. Rd7 Rc8
34. Rc1 Rxb6+ 35. cxb6 Rxc1 36. Rxb7 d3 37. Rd7 Rb1+ 38. Kc4 Rxb6 39. Kxd3 Kg8
40. Rd8+ Kh7 41. Rd7 Kg8 42. Ke2 Bh6 43. Kf2 Rb2+ 44. Ne2 Bf4 45. h4 Be5 46.
Rd5 Bf6 47. h5 gxh5 48. Rxh5 Bd4+ 49. Kf1 Rb1+ 50. Kg2 Rb2 1/2-1/2

[Event "SG Porz 2 - LSV Turm Lippstadt 1"]
[Site "NRW-Klasse - Gruppe 1 2018/20"]
[Date "2019.03.17"]
[Round "7.4"]
[White "Ramien, David"]
[Black "Kruse, Janik"]
[Result "1-0"]
[WhiteElo "2119"]
[BlackElo "2171"]
[PlyCount "71"]
[EventDate "2019.??.??"]
[WhiteTeam "SG Porz 2"]
[BlackTeam "LSV Turm Lippstadt 1"]

1. e4 e5 2. Nf3 Nc6 3. Bc4 Bc5 4. c3 Nf6 5. d3 a6 6. Bb3 Ba7 7. O-O d6 8. Nbd2
O-O 9. h3 Re8 10. Re1 Be6 11. Bc2 d5 12. Ng5 Nxe4 13. Nxe6 Bxf2+ 14. Kf1 Rxe6
15. dxe4 Bxe1 16. Qxe1 d4 17. Nf3 Qd7 18. Bb3 Rd6 19. Kg1 Re8 20. Bd2 Na5 21.
Bd5 c6 22. cxd4 cxd5 23. Nxe5 Qa4 24. Bb4 Rb6 25. Bxa5 Qxd4+ 26. Kh1 Rbe6 27.
Nf3 Qxe4 28. Qd2 Qa4 29. Qxd5 h6 30. Bc3 b5 31. Nd4 Rg6 32. a3 Qc4 33. Qxc4
bxc4 34. a4 Re3 35. a5 Reg3 36. Nf5 1-0

[Event "SG Porz 2 - LSV Turm Lippstadt 1"]
[Site "NRW-Klasse - Gruppe 1 2018/20"]
[Date "2019.03.17"]
[Round "7.5"]
[White "Grobbel, Rainer"]
[Black "Finke, Kai"]
[Result "0-1"]
[WhiteElo "2127"]
[BlackElo "2089"]
[PlyCount "68"]
[EventDate "2019.??.??"]
[WhiteTeam "LSV Turm Lippstadt 1"]
[BlackTeam "SG Porz 2"]

1. d4 Nf6 2. c4 e6 3. Nc3 c5 4. d5 exd5 5. cxd5 d6 6. e4 g6 7. Bd3 Bg7 8. Nf3
O-O 9. O-O Na6 10. h3 Nc7 11. Re1 Rb8 12. a4 b6 13. Bf4 a6 14. Bc2 Bb7 15. Qd2
b5 16. axb5 axb5 17. Bh6 Nd7 18. Bxg7 Kxg7 19. Qf4 Qf6 20. Qg3 Rfe8 21. Nd1 Ra8
22. Ne3 Ne5 23. Nh4 Kh8 24. f4 Nc4 25. Nxc4 bxc4 26. e5 Rxa1 27. Rxa1 Qe7 28.
exd6 Qxd6 29. Qc3+ Kg8 30. Qxc4 Nxd5 31. Bb3 Qf6 32. Ra7 Qxh4 33. Rxb7 Qg3 34.
Qf1 Re1 0-1

[Event "SG Porz 2 - LSV Turm Lippstadt 1"]
[Site "NRW-Klasse - Gruppe 1 2018/20"]
[Date "2019.03.17"]
[Round "7.6"]
[White "Paulus, Jeffrey"]
[Black "Pollmueller, Michael"]
[Result "1/2-1/2"]
[WhiteElo "1961"]
[BlackElo "2139"]
[Annotator "Daniel"]
[PlyCount "193"]
[EventDate "2019.??.??"]
[WhiteTeam "SG Porz 2"]
[BlackTeam "LSV Turm Lippstadt 1"]

1. d4 d5 2. Bf4 c5 3. e3 Nc6 4. c3 Nf6 5. Nd2 Bf5 6. dxc5 e5 7. Bg5 Bxc5 8. Nb3
Be7 9. Nf3 O-O 10. Bb5 Qd6 11. O-O a6 12. Bxc6 $11 bxc6 13. c4 a5 14. cxd5 a4
15. Nc1 cxd5 16. Ne2 Rfd8 17. h3 Rab8 18. Qxa4 Rxb2 19. Ng3 Bd3 20. Rfc1 h6 21.
Rc6 Qb8 22. Bxf6 Bxf6 23. Qg4 Rb4 24. e4 Bxe4 25. Nh5 Bg6 26. Nxf6+ gxf6 27.
Qg3 e4 28. Qxb8 Rdxb8 29. Nh4 Kg7 30. g4 d4 31. Nf5+ Bxf5 32. gxf5 Rb1+ 33.
Rxb1 Rxb1+ 34. Kg2 Rb2 35. Rc4 e3 36. Rxd4 Rxf2+ 37. Kg3 Rxa2 38. Re4 Rf2 39.
Rxe3 Rxf5 40. Re8 Re5 41. Ra8 Re4 42. Rb8 h5 43. Ra8 h4+ 44. Kg2 f5 45. Ra6 Rb4
46. Rc6 f6 47. Rc8 Kf7 48. Kf3 Re4 49. Ra8 Rd4 50. Rb8 Ra4 51. Rc8 Ke6 52. Re8+
Kd6 53. Rd8+ Ke7 54. Rb8 Rc4 55. Ra8 Ke6 56. Re8+ Kf7 57. Ra8 Kg7 58. Rb8 Rc3+
59. Kf4 Kg6 60. Rf8 Rc4+ 61. Kf3 f4 62. Kg4 f3+ 63. Kxf3 Kf5 64. Rh8 Rc3+ 65.
Kg2 Rc4 66. Kf3 Rf4+ 67. Kg2 Ke4 68. Re8+ Kd3 69. Re6 f5 70. Re8 Kd4 71. Re7
Re4 72. Rf7 Ke5 73. Rh7 Kf6 74. Kf3 Ra4 75. Rh8 Ra3+ 76. Kf4 Ra4+ 77. Kf3 Kg7
78. Rb8 Kf6 79. Rf8+ Ke6 80. Re8+ Kf7 81. Rb8 Re4 82. Ra8 Rc4 83. Rb8 Ke6 84.
Re8+ Kf7 85. Ra8 Re4 86. Rb8 Ra4 87. Rc8 Kg7 88. Rc7+ Kg6 89. Rc8 Ra3+ 90. Kf4
Rxh3 91. Rg8+ Kf7 92. Rg5 Ke6 93. Rxf5 Ra3 94. Rh5 Ra4+ 95. Kg5 Ra5+ 96. Kxh4
Rxh5+ 97. Kxh5 1/2-1/2

[Event "SG Porz 2 - LSV Turm Lippstadt 1"]
[Site "NRW-Klasse - Gruppe 1 2018/20"]
[Date "2019.03.17"]
[Round "7.8"]
[White "Sewald, Kathrin"]
[Black "Pollmueller, Simone"]
[Result "1-0"]
[WhiteElo "2035"]
[BlackElo "1053"]
[PlyCount "57"]
[EventDate "2019.??.??"]
[WhiteTeam "SG Porz 2"]
[BlackTeam "LSV Turm Lippstadt 1"]

1. e4 c6 2. d3 d5 3. Nd2 dxe4 4. dxe4 e5 5. Ngf3 Bd6 6. Nc4 Be7 7. Qxd8+ Bxd8
8. Nd6+ Ke7 9. Nxc8+ Kd7 10. Nxe5+ Ke8 11. Nd6+ Ke7 12. Nexf7 Nf6 13. Nxh8 Kxd6
14. e5+ Kxe5 15. Nf7+ Ke6 16. Nxd8+ Ke7 17. Nxb7 Nbd7 18. Bf4 Kf7 19. Bc4+ Kg6
20. Nd6 Nd5 21. Bd3+ Kf6 22. Bg3 g6 23. O-O-O Nc5 24. Bc4 Nb6 25. Rhe1 Nxc4 26.
Nxc4 Na6 27. Rd6+ Kf7 28. Rd7+ Kg8 29. Ree7 1-0

[Event "SV Weidenau/Geisweid 1 - Schach Nienber"]
[Site "NRW-Klasse - Gruppe 1 2018/20"]
[Date "2019.03.17"]
[Round "7.1"]
[White "Gottkehaskamp, Philipp"]
[Black "Karthaeuser, Johannes"]
[Result "0-1"]
[WhiteElo "2029"]
[BlackElo "2157"]
[PlyCount "72"]
[EventDate "2019.??.??"]
[WhiteTeam "Schach Nienberge 1"]
[BlackTeam "SV Weidenau/Geisweid 1"]

1. e4 e6 2. d3 d5 3. Qe2 Nf6 4. Nf3 Be7 5. g3 c5 6. Bg2 Nc6 7. O-O Qc7 8. e5
Nd7 9. Re1 b5 10. h4 h5 11. Bf4 a5 12. Nc3 Qb6 13. Nxd5 exd5 14. e6 fxe6 15.
Qxe6 Nf6 16. Qd6 Ra7 17. Ng5 Kf8 18. Rxe7 Rxe7 19. Re1 Qb7 20. c4 Ke8 21. Rxe7+
Nxe7 22. Qxc5 Qc6 23. Qa7 bxc4 24. dxc4 Qxc4 25. Bd6 Qc1+ 26. Bf1 Bd7 27. Bc5
Nc8 28. Qc7 Ng4 29. Kg2 Rf8 30. Qxa5 Rf6 31. Bb5 Qxb2 32. Bxd7+ Kxd7 33. Qa4+
Kc7 34. Qa5+ Kc6 35. Qa8+ Kxc5 36. Qxc8+ Kd4 0-1

[Event "SV Weidenau/Geisweid 1 - Schach Nienber"]
[Site "NRW-Klasse - Gruppe 1 2018/20"]
[Date "2019.03.17"]
[Round "7.3"]
[White "Ringwelski, Marius"]
[Black "Jansen, Dirk Norbert"]
[Result "0-1"]
[WhiteElo "1934"]
[BlackElo "2175"]
[PlyCount "74"]
[EventDate "2019.??.??"]
[WhiteTeam "Schach Nienberge 1"]
[BlackTeam "SV Weidenau/Geisweid 1"]

1. d4 f5 2. Bg5 g6 3. Nd2 Bg7 4. e4 fxe4 5. Nxe4 d5 6. Ng3 Nh6 7. Nf3 Nf7 8.
Bf4 c5 9. Bb5+ Bd7 10. Bxd7+ Qxd7 11. c3 Nc6 12. O-O cxd4 13. cxd4 O-O 14. Re1
Rae8 15. Qd2 e5 16. dxe5 Nfxe5 17. Nxe5 Nxe5 18. Bxe5 Bxe5 19. Rad1 d4 20. Ne4
Qd5 21. f3 Rd8 22. b3 d3 23. Nf2 Bd4 24. Kh1 Bxf2 25. Qxf2 Rf7 26. Rd2 b6 27.
Qe3 Rc7 28. Red1 Rc3 29. h3 Qd6 30. Qe4 a5 31. f4 Qd5 32. Qe3 b5 33. Re1 Rc2
34. Kh2 a4 35. bxa4 Qxa2 36. Rxc2 dxc2 37. Re2 c1=Q 0-1